000 00684nam a2200289Ia 4500
005 20260324133228.0
008 008 260324s9999 xx 000 0 eng d
020 _a9780203420881
037 _aEBOOK
040 _aCRL
040 _beng
040 _cCRL
041 _2eng
041 _aeng
084 _qCRL
100 _aSimon R. Wilkinson
_91192284
245 0 _aCoping and Complaining
245 0 _bAttachment and the Language of Disease
260 _bTaylor and Francis
260 _c2003
365 _a
365 _b170
856 _uhttp://www.taylorfrancis.com/books/9780203420881
942 _cEBOOK
999 _c1791153
_d1791153